000 00833nam a2200241Ia 4500
003 OSt
005 20220916111000.0
006 a|||||r|||| 00| 0
007 ta
008 220915b |||||||| |||| 00| 0 san d
024 _a63390
037 _cTextbook
040 _bsan
_aARTS
_cARTS
041 _asan
082 _aQ14:417, 15K0
100 _aशर्मा, श्रीराम
245 0 _aअथर्ववेद: सायण भाष्यावलम्बी सरल हिंदी भावार्थ सहित
260 _aमथुरा
_bगायत्री तपोभूमि भारत
_c1960
300 _a1072पण्
_ccm.
650 _aधर्म
942 _hQ14:417, 15K0
_cTB
_2CC
999 _c102684
_d102684